000 00664nam a2200289Ia 4500
005 20260324130758.0
008 008 260324s9999 xx 000 0 eng d
020 _a9781315711089
037 _aEBOOK
040 _aCRL
040 _beng
040 _cCRL
041 _2eng
041 _aeng
084 _qCRL
100 _aTerry Rey
_91183055
245 0 _aBourdieu on Religion
245 0 _bImposing Faith and Legitimacy
260 _bTaylor and Francis
260 _c2007
365 _a
365 _b220
856 _uhttp://www.taylorfrancis.com/books/9781315711089
942 _cEBOOK
999 _c1779545
_d1779545